<?xml version="1.0" encoding="UTF-8"?>
<marc:record xmlns:marc="http://www.loc.gov/MARC21/slim">
   <marc:leader>00000nam a2200000 a 4500</marc:leader>
   <marc:datafield ind1="1" ind2=" " tag="100">
      <marc:subfield code="a">Bourgoing, Pascale ¬de¬</marc:subfield>
   </marc:datafield>
   <marc:datafield ind1="1" ind2=" " tag="100">
      <marc:subfield code="a">Broutin, Christian</marc:subfield>
   </marc:datafield>
   <marc:datafield ind1=" " ind2=" " tag="653">
      <marc:subfield code="a">f||Sachbilderbuch</marc:subfield>
   </marc:datafield>
   <marc:datafield ind1=" " ind2=" " tag="653">
      <marc:subfield code="a">s||Baum</marc:subfield>
   </marc:datafield>
   <marc:datafield ind1="0" ind2="0" tag="245">
      <marc:subfield code="a">Der Baum</marc:subfield>
   </marc:datafield>
   <marc:datafield ind1="0" ind2="0" tag="245">
      <marc:subfield code="c">mit Ill. von Christian Broutin. Ausgedacht von Pascale de Bourgoing</marc:subfield>
   </marc:datafield>
   <marc:datafield ind1=" " ind2="1" tag="264">
      <marc:subfield code="a">Mannheim</marc:subfield>
      <marc:subfield code="b">Meyers Lexikonverl.</marc:subfield>
      <marc:subfield code="c">1994</marc:subfield>
   </marc:datafield>
   <marc:datafield ind1="1" ind2=" " tag="490">
      <marc:subfield code="a">Meyers kleine Kinderbibliothek ; 21</marc:subfield>
   </marc:datafield>
   <marc:datafield ind1="1" ind2=" " tag="520">
      <marc:subfield code="a">Exemplarisch wird an der Kastanie Aufbau, Entwicklung und jahreszeitliche Veränderung von Bäumen vorgeführt (die Befruchtung der Blüten bleibt jedoch unerwähnt, die Früchte entwickeln sich sozusagen von selber). Allgemeine Hinweise auf den Baum als Wohnort und Nahrungsquelle, Baum- und Blattgestalten und die Nutzung der Bäume durch den Menschen folgen. Die Illustrationen auf Papier- und Folienseiten sind klar in Farben und Formen, sorgfältig aufeinander abgestimmt und ermöglichen eine spielerische Vergegenwärtigung der Prozesse. Unglücklich ist gelegentlich das Nebeneinander von verschieden grossen Bäumen, Zapfen usw. - In allen Büchereien für Kinder ab ca. 3 Jahren, wie die anderen Titel der Reihe (vgl. u.a. "Gross und klein ...", BA 1/94; weitere Bände ausserdem in dieser Nr.). Für Ältere vgl. B. Watts: "Die Kastanie" (BA 3/88).</marc:subfield>
   </marc:datafield>
   <marc:datafield ind1=" " ind2=" " tag="020">
      <marc:subfield code="a">3411086017</marc:subfield>
      <marc:subfield code="9">3411086017</marc:subfield>
   </marc:datafield>
   <marc:datafield ind1=" " ind2=" " tag="500">
      <marc:subfield code="a">Aus dem Franz. übers.</marc:subfield>
   </marc:datafield>
   <marc:datafield ind1=" " ind2=" " tag="300">
      <marc:subfield code="a">[19] Bl. : überw. Ill. (farb.)</marc:subfield>
   </marc:datafield>
</marc:record>
